Quizzes
Events
Quiz Creation
Community
Videos
Private Events
Remove Ads
Sign In
Join for FREE
Feedback
Dark Mode
Quiz Categories
Sports
Geography
Music
Movies
Television
Just For Fun
Miscellaneous
History
Literature
Language
Science
Gaming
Entertainment
Religion
Holiday
For Kids
Quiz Lab
Recent
Popular Today
Quiz Kudos Today
Editor Picks
Curator Picks
Quizzes by...
Day
Popularity
Type
Ratings
Length
Year
Community
Subscriptions
Recent Discussions
Orange Saloon
Badges
Playlists
Quests
Create
Leaderboards
Showdown
Live 5
Trivia Bingo
Activity
Puzzle Library
Sporcle Events
Private Events
Virtual Trivia
Globe League
Become a Host
Pub Owners
SporcleCon
Opinionation
Our Games
Videos
Blog
Mobile Apps
Partnerships
Remove Ads and Go Orange
Feedback
Movies
Disney
Marvel Cinematic Universe
Movie Resume
Movie Titles
Oscar
Actor
Actress
Director
Pixar
Role
Movie Quotes
Movie Characters
Box Office
Nominee
Best Picture
Star Wars
James Bond
Horror Movies
Movies
Disney
Marvel Cinematic Universe
Movie Resume
Movie Titles
Oscar
Actor
Actress
Director
Pixar
Role
Movie Quotes
Movie Characters
Box Office
Nominee
Best Picture
Star Wars
James Bond
Horror Movies
Random Quiz
Search Sporcle
×
Quiz Lab
Quiz Lab
Movies
Cast
Type in answers that appear in a list
Type in answers that appear in a list
Classic
Best Score? Go Orange.
Luchino Visconti Films Cast Stats
Can you name the Luchino Visconti Films Cast?
By
Carnelian10
15m
96 Questions
124 Plays
124 Plays
124 Plays
Comments
Comments
Give Quiz Kudos
Give Quiz Kudos
-
- Ratings
hide this ad
Replay
Link that replays current quiz
Next Quiz
Link to next quiz in quiz playlist
You Got
0%
They Got
Avg Score
53%
Avg Friend Score
Upgrade to see
Score Distribution
Jump to the score distribution portion of the page
Score
0/96
Timer
15:00
0
Plays Today
Hint
Answer
% Correct
The Leopard (1963)
Burt Lancaster
94.4%
Conversation Piece (1974)
Burt Lancaster
94.4%
Rocco and His Brothers (1960)
Claudia Cardinale
93.5%
The Leopard (1963)
Claudia Cardinale
93.5%
Sandra (Of a Thousand Delights) (1965)
Claudia Cardinale
93.5%
Conversation Piece (1974)
Claudia Cardinale
93.5%
Rocco and His Brothers (1960)
Alain Delon
92.7%
The Leopard (1963)
Alain Delon
92.7%
The Damned (1969)
Dirk Bogarde
91.9%
Death in Venice (1971)
Dirk Bogarde
91.9%
The Damned (1969)
Helmut Berger
89.5%
Ludwig (1972)
Helmut Berger
89.5%
Conversation Piece (1974)
Helmut Berger
89.5%
The Witches (1967) (segment 'The Witch Burned Alive')
Helmut Berger
89.5%
White Nights (1957)
Marcello Mastroianni
87.1%
The Stranger (1967)
Marcello Mastroianni
87.1%
Bellissima (1951)
Anna Magnani
86.3%
We, the Women (1953) (segment 'Anna Magnani')
Anna Magnani
86.3%
Senso (1954)
Alida Valli
84.7%
The Leopard (1963)
Romolo Valli
83.9%
Death in Venice (1971)
Romolo Valli
83.9%
Conversation Piece (1974)
Romolo Valli
83.9%
Boccaccio '70 (1962) (segment 'Il lavoro')
Romolo Valli
83.9%
Death in Venice (1971)
Silvana Mangano
81.5%
Ludwig (1972)
Romy Schneider
81.5%
Ludwig (1972)
Silvana Mangano
81.5%
Conversation Piece (1974)
Silvana Mangano
81.5%
Boccaccio '70 (1962) (segment 'Il lavoro')
Romy Schneider
81.5%
The Witches (1967) (segment 'The Witch Burned Alive')
Silvana Mangano
81.5%
The Innocent (1976)
Giancarlo Giannini
79%
Rocco and His Brothers (1960)
Annie Girardot
76.6%
The Damned (1969)
Charlotte Rampling
76.6%
Hint
Answer
% Correct
The Witches (1967) (segment 'The Witch Burned Alive')
Annie Girardot
76.6%
The Damned (1969)
Ingrid Thulin
74.2%
Senso (1954)
Farley Granger
71.8%
Rocco and His Brothers (1960)
Renato Salvatori
68.5%
Ossessione (1943)
Massimo Girotti
66.9%
Senso (1954)
Massimo Girotti
66.9%
The Innocent (1976)
Massimo Girotti
66.9%
The Witches (1967) (segment 'The Witch Burned Alive')
Massimo Girotti
66.9%
Sandra (Of a Thousand Delights) (1965)
Jean Sorel
62.1%
White Nights (1957)
Maria Schell
61.3%
The Stranger (1967)
Anna Karina
61.3%
Conversation Piece (1974)
Dominique Sanda
61.3%
Ludwig (1972)
Trevor Howard
60.5%
The Leopard (1963)
Paolo Stoppa
59.7%
Bellissima (1951)
Walter Chiari
58.9%
The Damned (1969)
Florinda Bolkan
58.9%
Death in Venice (1971)
Carole Andre
58.9%
The Leopard (1963)
Terence Hill
58.1%
Death in Venice (1971)
Bjorn Andresen
58.1%
White Nights (1957)
Jean Marais
55.6%
The Innocent (1976)
Jennifer O'Neill
55.6%
The Stranger (1967)
Bernard Blier
53.2%
Death in Venice (1971)
Marisa Berenson
51.6%
Ludwig (1972)
John Moulder Brown
50.8%
Ludwig (1972)
Marc Porel
50.8%
The Innocent (1976)
Marc Porel
50.8%
The Innocent (1976)
Laura Antonelli
50%
The Leopard (1963)
Pierre Clementi
48.4%
The Damned (1969)
Helmut Griem
48.4%
Ludwig (1972)
Helmut Griem
48.4%
Boccaccio '70 (1962) (segment 'Il lavoro')
Tomas Milian
46%
Death in Venice (1971)
Franco Fabrizi
42.7%
Hint
Answer
% Correct
The Leopard (1963)
Giuliano Gemma
41.9%
The Leopard (1963)
Rina Morelli
40.3%
Sandra (Of a Thousand Delights) (1965)
Renzo Ricci
40.3%
The Damned (1969)
Nora Ricci
40.3%
Death in Venice (1971)
Nora Ricci
40.3%
Ludwig (1972)
Nora Ricci
40.3%
The Innocent (1976)
Rina Morelli
40.3%
The Witches (1967) (segment 'The Witch Burned Alive')
Francisco Rabal
27.4%
Ossessione (1943)
Clara Calamai
21.8%
The Witches (1967) (segment 'The Witch Burned Alive')
Clara Calamai
21.8%
Death in Venice (1971)
Mark Burns
18.5%
Ludwig (1972)
Mark Burns
18.5%
Conversation Piece (1974)
Philippe Hersent
14.5%
The Witches (1967) (segment 'The Witch Burned Alive')
Marilu Toto
13.7%
The Damned (1969)
Renaud Verley
8.9%
The Damned (1969)
Umberto Orsini
8.9%
Ludwig (1972)
Umberto Orsini
8.9%
Ludwig (1972)
Gert Frobe
8.1%
Rocco and His Brothers (1960)
Katina Paxinou
7.3%
La Terra Trema (1948)
Antonio Arcidiacono
5.6%
La Terra Trema (1948)
Giuseppe Arcidiacono
5.6%
The Leopard (1963)
Ida Galli
4.8%
Rocco and His Brothers (1960)
Nino Castelnuovo
3.6%
Rocco and His Brothers (1960)
Spiros Focas
3.2%
Sandra (Of a Thousand Delights) (1965)
Michael Craig
3.2%
The Stranger (1967)
Georges Wilson
3.2%
Ludwig (1972)
Izabella Telezynska
2.4%
The Leopard (1963)
Ivo Garrani
1.8%
Rocco and His Brothers (1960)
Enzo Fiermonte
0%
Sandra (Of a Thousand Delights) (1965)
Fred Williams
0%
The Stranger (1967)
Mimmo Palmara
0%
The Stranger (1967)
Pierre Hertin
0%
Quiz Playlist
Details
Report
Send in Message
Add To Playlist
Classic:
Type in answers that appear in a list
Last Updated: Feb 16, 2017
Quiz Scoreboard
CHALLENGE
Sign Up to Join the Scoreboard
Show All
Scores
Hide
Comments
May contain spoilers
Recently Published
Billboard Blitz: Fleetwood Mac
by CooCooCachoo
Music
15s
Presidents Visiting Landmarks
by Hejman
History
7m
An Introduction to Baseball
by treessimontrees
Sports
5m
More to Explore
Quiz From the Vault
Featured Blog Post
Where Did the Easter Bunny Come From?
hide this ad
You Might Also Like...
Tags
Cast Quiz
Today's Top Quizzes in Movies
Browse Movies
hide this ad
Today's Top Quizzes in Cast
Browse Cast
Top Contributed Quizzes in Movies
1
Pick 5 Posters: Directed by Spielberg
2
7-to-1: Pixar Characters
3
Pick 5 Posters: Lowest-Rated Spielberg
4
Sorting Actors
5
Pick 5 Posters: Directed by Scorsese
6
Sorting Actresses
7
Pick 5 Posters: Star & Director
8
Pick 5 Posters: Women Directed 2020s
9
12 Movies about Fictional 1960s Events
10
Multi-Oscar Nominations, One Movie, One Winner
Explore More
Trending Topics
NBA
Kpop
Harry Potter
Disney
Marvel
Anime
Crossword
The Office
Song
Country
Soccer
Puzzle
Pokémon
WWE
NFL
hide this ad
More By:
Carnelian10
Quiz
Plays
Rating
Category
Featured
Created
Classic Carry On Films & TV Cast (1958-1969)
1,786
4.00
Movies
Apr 5, 2016
Classic Carry On Films & TV Cast (1970-1992)
1,368
5.00
Movies
Jun 4, 2016
Casts of the Official James Bond Films
1,129
5.00
Movies
Jun 20, 2016
Hammer Studios Horror Films
756
5.00
Movies
Feb 10, 2016
Alfred Hitchcock Films Cast
619
5.00
Movies
Jun 8, 2016
Go to Creator's Profile
Score Distribution
Quiz Creator Spotlight
Carnelian10
Follow
Send a Message
Quizzes Created
-
Created Quiz Play Count
-
More By This Creator
Popular Quizzes Today
1
Find the US States - No Outlines Minefield
2
Find the Countries of Europe - No Outlines Minefield
3
The Countries of the World
4
Find the US States
5
US States
6
Risky Map Clicking: Biggest States A-Z
7
Popular People in 1961
8
Movies - When Are They Set?
More Movies Quizzes
Dustin Hoffman Movies by any 3 Letters
Editor's Pick
Trending Quizzes
Risky Map Clicking: Least Populous States A-Z
1-10 Letter G Words
1-10 Letter F Words
Risky Map Clicking: Next State Alphabetically
Risky Map Clicking: Biggest States A-Z
Recently Updated
Leaping Animals
pecheneg
Reality TV Shows (A-Z)
bhenderson79
Rickey Henderson's Hall of Fame Teammates
pecheneg
Champions League XIs: Arsenal
pecheneg
Quick Pick: Celebrities in WWE's Hall of Fame
aduchscher
A-Z Keypad Blitz II
pecheneg
Multiple Oscar Actors
pecheneg
Mystery Phrase Blitz: Oscar 'Best Actors'
pecheneg
F. Scott Fitzgerald Novels
LTH
Pick 3 Villains
ddd62291
Trending Topics
NBA
Disney
Crossword
Kpop
Harry Potter
Anime
Marvel
The Office
Puzzle
Country
Pokémon
Soccer
WWE
Song
NFL
Your Account Isn't Verified!
In order to create a playlist on Sporcle, you need to verify the email address you used during registration. Go to your
Sporcle Settings
to finish the process.
Report this User
Report this user for behavior that violates our
Community Guidelines
.
Details:
Send Report
Go to the Sporcle.com Mobile Site →
Comments